| 000 | 01620nam a2200397 c 4500 | ||
|---|---|---|---|
| 999 |
_c162403 _d162403 |
||
| 003 | BLK | ||
| 005 | 20240604005401.0 | ||
| 008 | 180410b bul|||||r ||||||| ||bul|| | ||
| 010 | _aKNG00169780000 | ||
| 040 | _aBLK | ||
| 041 |
_aBUL _cBUL |
||
| 080 |
_aБългарска литература _b821.163.2 _x(081) _z821.163.2(081) |
||
| 080 |
_aБългарска литература _b821.163.2 _x-32 _z821.163.2-32 |
||
| 080 |
_aБългарска литература _b821.163.2 _x-1 _z821.163.2-1 |
||
| 100 |
_aЕлин Пелин _qСтоянов, Димитър Иванов _9363511 |
||
| 139 |
_aЕлин Пелин _bЕ 53 |
||
| 245 | 1 | 0 |
_aСъчинения _bВ 6 т. : Т. 1 - _cЕлин Пелин; ред. и състав. на том Пеньо Николов Русев. _nТ. 3 _pПод манастирската лоза |
| 250 | _a2. изд. | ||
| 257 | _aBGR | ||
| 260 |
_aСофия _bБълг. писател _c1977 - |
||
| 300 |
_a397 с. _b4 л. : ил. _c20 см |
||
| 380 | _aX | ||
| 500 | _a1. изд. 1972. | ||
| 505 | _tАз ти той | ||
| 505 | _tЧерни рози | ||
| 505 | _tПижо и Пендо | ||
| 700 | 1 |
_aРусев, Пеньо Николов _eред. и състав. на том _9377472 |
|
| 760 | 1 |
_aЕлин Пелин _b2. изд. _d1977 _h397 с., 4 л. : ил. _tТ. 3 Под манастирската лоза |
|
| 852 | _aЦб 86914 | ||
| 856 | 4 |
_qpdf _i0.00 _ldisable |
|
| 856 | 4 |
_qpdf _i0.00 _ldisable |
|
| 942 |
_cKNG _n0 _01 _s1 |
||
| 944 |
_aCR _c19.01.2015 _k _lCRON CRON |
||
| 944 |
_aED _c27.01.2015 _kМилена_Ачева |
||
| 999 | _d162403 | ||